000 00588nam a22002297a 4500
003 UA-OsUOA
001 118994
007 ta
008 20160928b un ||||| |||| 00| 0 ukr d
100 _aЦвейг С.
090 _a821.182.2
_bЦ26
942 _cBK
040 _aUA-OsUOA
_brus
_cUA-OsUOA
_dUA-OsUOA
245 _aСовесть против насилия
300 _a238 с.
955 _a3
041 _arus
080 _a821.182.2
260 _aМ.
_bМысль
_c1986
650 7 _a82 Література. Літературознавство
_2UDC
999 _c405199
_d405199